00373pam a2200145 a 4500020001100000040002500011041001300036082001700049100001700066245005800083260003000141300001400171365001100185653003100196 c217.40 aMedical College Libr aENGhENG a616.075bTAL aTalib, V.H.. aEssential Laboratory Medicine / chTextual Documents a : bInterprint , c1999. a1139 ; c a217.40 aMedical ScienceaPathology